[Event "DEM U16 2020"]
[Site "Willingen GER"]
[Date "2020.10.21"]
[Round "3"]
[White "Weihrauch, Jakob"]
[Black "Dahl, Christoph"]
[Result "0-1"]
[Termination "normal"]
[Board "10"]
[WhiteElo "2184"]
[BlackElo "2262"]
[WhiteClock "00:03:33"]
[BlackClock "00:24:12"]
[PlyCount "194"]
[WhiteFideId "16210115"]
[BlackFideId "16240235"]
[EventCountry "GER"]
[EventRounds "7"]
[EventType "swiss"]
[EventDate "2020.10.19"]

1. e4 {[%clk 1:30:56]} c5 {[%clk 1:30:40]} 2. Nf3 {[%clk 1:31:12]} d6 {[%clk
1:30:35]} 3. Bb5+ {[%clk 1:31:21]} Nd7 {[%clk 1:30:08]} 4. O-O {[%clk 1:31:38]}
a6 {[%clk 1:29:47]} 5. Bd3 {[%clk 1:31:51]} Ngf6 {[%clk 1:29:02]} 6. Re1 {[%clk
1:31:55]} e6 {[%clk 1:28:37]} 7. c3 {[%clk 1:32:07]} b5 {[%clk 1:27:45]} 8. Bc2
{[%clk 1:31:51]} Bb7 {[%clk 1:27:10]} 9. d4 {[%clk 1:30:50]} cxd4 {[%clk
1:25:22]} 10. cxd4 {[%clk 1:30:57]} e5 {[%clk 1:19:50]} 11. a4 {[%clk 1:27:28]}
Be7 {[%clk 1:18:09]} 12. Qe2 {[%clk 1:22:29]} Qc7 {[%clk 1:16:14]} 13. Na3
{[%clk 1:20:33]} bxa4 {[%clk 1:08:02]} 14. Nc4 {[%clk 1:08:22]} Rc8 {[%clk
1:03:42]} 15. Rxa4 {[%clk 1:07:05]} O-O {[%clk 0:58:51]} 16. b3 {[%clk
1:01:16]} exd4 {[%clk 0:48:23]} 17. Nxd4 {[%clk 0:59:44]} Nc5 {[%clk 0:48:25]}
18. Ra5 {[%clk 0:58:42]} Bxe4 {[%clk 0:43:02]} 19. Bxe4 {[%clk 0:58:56]} Nfxe4
{[%clk 0:39:14]} 20. b4 {[%clk 0:50:09]} Nb7 {[%clk 0:37:58]} 21. Qxe4 {[%clk
0:49:15]} Nxa5 {[%clk 0:35:39]} 22. Nxa5 {[%clk 0:49:30]} d5 {[%clk 0:35:54]}
23. Qb1 {[%clk 0:46:40]} Bxb4 {[%clk 0:35:48]} 24. Qxb4 {[%clk 0:47:05]} Qxc1
{[%clk 0:36:12]} 25. Nf5 {[%clk 0:43:00]} Qc3 {[%clk 0:33:38]} 26. Ne7+ {[%clk
0:42:32]} Kh8 {[%clk 0:34:04]} 27. Nac6 {[%clk 0:37:58]} Qxb4 {[%clk 0:33:10]}
28. Nxb4 {[%clk 0:38:27]} Ra8 {[%clk 0:27:14]} 29. Nbxd5 {[%clk 0:38:05]} a5
{[%clk 0:27:20]} 30. Ra1 {[%clk 0:36:53]} a4 {[%clk 0:27:11]} 31. Nb4 {[%clk
0:31:39]} Rfd8 {[%clk 0:24:19]} 32. Ned5 {[%clk 0:31:29]} a3 {[%clk 0:22:17]}
33. g3 {[%clk 0:27:23]} Ra4 {[%clk 0:22:17]} 34. Ra2 {[%clk 0:24:29]} f5 {[%clk
0:20:15]} 35. f4 {[%clk 0:23:51]} Kg8 {[%clk 0:19:33]} 36. Kf2 {[%clk 0:21:59]}
Kf7 {[%clk 0:19:54]} 37. Ke1 {[%clk 0:19:44]} Ke6 {[%clk 0:13:47]} 38. Re2+
{[%clk 0:13:33]} Kd6 {[%clk 0:13:09]} 39. Rc2 {[%clk 0:10:22]} Ke6 {[%clk
0:10:22]} 40. Re2+ {[%clk 0:08:12]} Kf7 {[%clk 0:10:46]} 41. Ra2 {[%clk
0:03:00]} Rc8 {[%clk 0:10:48]} 42. Kd2 {[%clk 0:00:53]} Rc5 {[%clk 0:11:02]}
43. Kd1 {[%clk 0:27:06]} Ke6 {[%clk 0:41:06]} 44. Re2+ {[%clk 0:27:14]} Kf7
{[%clk 0:38:55]} 45. Ra2 {[%clk 0:26:32]} h6 {[%clk 0:29:08]} 46. h3 {[%clk
0:24:12]} g5 {[%clk 0:28:34]} 47. fxg5 {[%clk 0:19:54]} hxg5 {[%clk 0:28:58]}
48. Rd2 {[%clk 0:18:29]} Rc4 {[%clk 0:27:54]} 49. Na2 {[%clk 0:17:37]} Rd4
{[%clk 0:27:59]} 50. Ndc3 {[%clk 0:16:51]} Rxd2+ {[%clk 0:28:20]} 51. Kxd2
{[%clk 0:17:10]} Ra8 {[%clk 0:28:40]} 52. h4 {[%clk 0:13:44]} gxh4 {[%clk
0:28:20]} 53. gxh4 {[%clk 0:14:13]} Rh8 {[%clk 0:28:38]} 54. Nb4 {[%clk
0:13:23]} Rxh4 {[%clk 0:28:53]} 55. Nc2 {[%clk 0:13:47]} Rh2+ {[%clk 0:23:40]}
56. Kd3 {[%clk 0:13:29]} Kg6 {[%clk 0:22:00]} 57. Nxa3 {[%clk 0:13:49]} Kg5
{[%clk 0:22:14]} 58. Nc4 {[%clk 0:12:33]} f4 {[%clk 0:22:26]} 59. Nd1 {[%clk
0:05:49]} Kg4 {[%clk 0:22:34]} 60. Nd2 {[%clk 0:06:11]} Rh8 {[%clk 0:21:46]}
61. Nf2+ {[%clk 0:05:11]} Kg3 {[%clk 0:22:01]} 62. Ke2 {[%clk 0:04:50]} Kg2
{[%clk 0:22:24]} 63. Nd3 {[%clk 0:03:05]} Re8+ {[%clk 0:22:35]} 64. Kd1 {[%clk
0:03:33]} Kg3 {[%clk 0:22:55]} 65. Ne1 {[%clk 0:03:34]} Kf2 {[%clk 0:23:09]}
66. Nef3 {[%clk 0:03:15]} Ke3 {[%clk 0:20:49]} 67. Kc2 {[%clk 0:03:20]} Ra8
{[%clk 0:20:38]} 68. Kd1 {[%clk 0:03:17]} Ra2 {[%clk 0:20:18]} 69. Kc1 {[%clk
0:03:28]} Ke2 {[%clk 0:19:26]} 70. Nd4+ {[%clk 0:02:52]} Kd3 {[%clk 0:19:50]}
71. N4f3 {[%clk 0:03:10]} Ra1+ {[%clk 0:19:34]} 72. Kb2 {[%clk 0:03:37]} Rd1
{[%clk 0:19:53]} 73. Nb3 {[%clk 0:03:30]} Rf1 {[%clk 0:19:38]} 74. Nbd2 {[%clk
0:03:04]} Rh1 {[%clk 0:19:38]} 75. Kb3 {[%clk 0:03:00]} Rd1 {[%clk 0:19:56]}
76. Nc4 {[%clk 0:02:25]} Rb1+ {[%clk 0:20:18]} 77. Ka2 {[%clk 0:02:42]} Rf1
{[%clk 0:19:49]} 78. Nce5+ {[%clk 0:02:09]} Ke3 {[%clk 0:19:50]} 79. Ng5 {[%clk
0:01:56]} Rg1 {[%clk 0:19:40]} 80. Ne6 {[%clk 0:01:15]} Ke4 {[%clk 0:19:21]}
81. Nxf4 {[%clk 0:01:19]} Kxe5 {[%clk 0:19:41]} 82. Nd3+ {[%clk 0:01:17]} Kd4
{[%clk 0:20:00]} 83. Nb4 {[%clk 0:01:07]} Kc3 {[%clk 0:20:22]} 84. Nd5+ {[%clk
0:01:08]} Kc4 {[%clk 0:20:27]} 85. Ne3+ {[%clk 0:01:30]} Kd3 {[%clk 0:20:39]}
86. Nd5 {[%clk 0:01:55]} Rg5 {[%clk 0:20:59]} 87. Nb4+ {[%clk 0:01:48]} Kc3
{[%clk 0:21:24]} 88. Nc6 {[%clk 0:01:54]} Rc5 {[%clk 0:21:34]} 89. Ne7 {[%clk
0:02:17]} Ra5+ {[%clk 0:21:35]} 90. Kb1 {[%clk 0:02:45]} Rb5+ {[%clk 0:21:56]}
91. Ka2 {[%clk 0:02:33]} Kd4 {[%clk 0:22:01]} 92. Nc6+ {[%clk 0:02:10]} Kd5
{[%clk 0:22:25]} 93. Ne7+ {[%clk 0:02:32]} Kd6 {[%clk 0:22:40]} 94. Ng6 {[%clk
0:02:39]} Rb4 {[%clk 0:23:04]} 95. Ka3 {[%clk 0:02:50]} Rg4 {[%clk 0:23:26]}
96. Nf8 {[%clk 0:03:08]} Ke7 {[%clk 0:23:46]} 97. Nh7 {[%clk 0:03:33]} Rg7
{[%clk 0:24:12]} 0-1

[Event "DEM U16 2020"]
[Site "Willingen GER"]
[Date "2020.10.21"]
[Round "3"]
[White "Mainka, Alwin"]
[Black "Lohr, Maximilian"]
[Result "1-0"]
[Termination "normal"]
[Board "11"]
[WhiteElo "1954"]
[BlackElo "2108"]
[WhiteClock "00:39:47"]
[BlackClock "00:31:57"]
[PlyCount "77"]
[WhiteFideId "16241177"]
[BlackFideId "12999717"]
[EventCountry "GER"]
[EventRounds "7"]
[EventType "swiss"]
[EventDate "2020.10.19"]

1. e4 {[%clk 1:30:56]} c5 {[%clk 1:30:55]} 2. Nf3 {[%clk 1:31:18]} d6 {[%clk
1:31:22]} 3. d4 {[%clk 1:31:38]} cxd4 {[%clk 1:31:48]} 4. Nxd4 {[%clk 1:32:00]}
Nf6 {[%clk 1:32:14]} 5. Nc3 {[%clk 1:32:20]} a6 {[%clk 1:32:41]} 6. g3 {[%clk
1:32:33]} e5 {[%clk 1:33:06]} 7. Nde2 {[%clk 1:32:54]} Be7 {[%clk 1:33:18]} 8.
Bg2 {[%clk 1:33:10]} Nbd7 {[%clk 1:33:17]} 9. a4 {[%clk 1:33:15]} b6 {[%clk
1:33:08]} 10. O-O {[%clk 1:32:56]} Bb7 {[%clk 1:33:33]} 11. Be3 {[%clk
1:32:19]} O-O {[%clk 1:33:32]} 12. h3 {[%clk 1:28:32]} Rc8 {[%clk 1:32:04]} 13.
g4 {[%clk 1:24:22]} Nc5 {[%clk 1:27:48]} 14. Ng3 {[%clk 1:22:22]} Qc7 {[%clk
1:22:57]} 15. g5 {[%clk 1:17:44]} Ne8 {[%clk 1:22:29]} 16. h4 {[%clk 1:14:52]}
g6 {[%clk 1:14:19]} 17. Bh3 {[%clk 1:13:16]} Rd8 {[%clk 1:14:16]} 18. Nd5
{[%clk 1:12:43]} Bxd5 {[%clk 1:14:32]} 19. Qxd5 {[%clk 1:13:04]} Ng7 {[%clk
1:05:53]} 20. h5 {[%clk 1:10:14]} Nge6 {[%clk 0:52:53]} 21. hxg6 {[%clk
1:02:25]} hxg6 {[%clk 0:53:13]} 22. b4 {[%clk 1:02:35]} Nf4 {[%clk 0:53:34]}
23. Bxf4 {[%clk 1:02:57]} exf4 {[%clk 0:53:58]} 24. Ne2 {[%clk 1:03:06]} Nd7
{[%clk 0:54:05]} 25. Bxd7 {[%clk 0:58:43]} Qxd7 {[%clk 0:52:28]} 26. f3 {[%clk
0:55:43]} Rc8 {[%clk 0:45:56]} 27. c4 {[%clk 0:50:44]} a5 {[%clk 0:43:17]} 28.
Nxf4 {[%clk 0:44:59]} axb4 {[%clk 0:42:12]} 29. Nxg6 {[%clk 0:44:54]} Rc5
{[%clk 0:42:17]} 30. Nxe7+ {[%clk 0:45:14]} Qxe7 {[%clk 0:42:39]} 31. Qd4
{[%clk 0:45:16]} Rfc8 {[%clk 0:40:27]} 32. Rac1 {[%clk 0:42:29]} Qe5 {[%clk
0:39:50]} 33. Qxe5 {[%clk 0:42:03]} dxe5 {[%clk 0:40:13]} 34. Rfd1 {[%clk
0:42:10]} Kg7 {[%clk 0:37:37]} 35. Kf2 {[%clk 0:40:00]} Rxc4 {[%clk 0:31:59]}
36. Rxc4 {[%clk 0:40:13]} Rxc4 {[%clk 0:32:25]} 37. Rd5 {[%clk 0:40:33]} Rc5
{[%clk 0:32:08]} 38. Rxc5 {[%clk 0:39:21]} bxc5 {[%clk 0:31:57]} 39. Ke3 {[%clk
0:39:47]} 1-0

[Event "DEM U16 2020"]
[Site "Willingen GER"]
[Date "2020.10.21"]
[Round "3"]
[White "Hommel, Niclas"]
[Black "Müller, Magnus"]
[Result "0-1"]
[Termination "normal"]
[Board "12"]
[WhiteElo "2047"]
[BlackElo "2030"]
[WhiteClock "00:30:29"]
[BlackClock "00:00:35"]
[PlyCount "79"]
[WhiteFideId "12974927"]
[BlackFideId "16230060"]
[EventCountry "GER"]
[EventRounds "7"]
[EventType "swiss"]
[EventDate "2020.10.19"]

1. e4 {[%clk 1:30:58]} c5 {[%clk 1:30:39]} 2. Nf3 {[%clk 1:31:23]} Nc6 {[%clk
1:31:04]} 3. d4 {[%clk 1:31:50]} cxd4 {[%clk 1:31:28]} 4. Nxd4 {[%clk 1:32:19]}
Nf6 {[%clk 1:31:49]} 5. Nc3 {[%clk 1:32:39]} d6 {[%clk 1:32:13]} 6. Bg5 {[%clk
1:32:11]} e6 {[%clk 1:32:37]} 7. Qd2 {[%clk 1:32:37]} Be7 {[%clk 1:33:00]} 8.
O-O-O {[%clk 1:32:15]} Nxd4 {[%clk 1:33:22]} 9. Qxd4 {[%clk 1:32:40]} O-O
{[%clk 1:33:45]} 10. h4 {[%clk 1:31:59]} h6 {[%clk 1:34:00]} 11. f4 {[%clk
1:27:18]} hxg5 {[%clk 1:32:33]} 12. hxg5 {[%clk 1:27:47]} Ng4 {[%clk 1:32:52]}
13. Be2 {[%clk 1:22:10]} e5 {[%clk 1:33:07]} 14. Qg1 {[%clk 1:01:19]} exf4
{[%clk 1:33:28]} 15. Bxg4 {[%clk 1:01:43]} Bxg5 {[%clk 1:33:53]} 16. Bxc8
{[%clk 0:59:40]} Rxc8 {[%clk 1:34:15]} 17. Qh2 {[%clk 0:55:59]} Bh6 {[%clk
1:29:57]} 18. Kb1 {[%clk 0:43:57]} Re8 {[%clk 1:05:04]} 19. Nb5 {[%clk
0:31:25]} Re6 {[%clk 0:51:11]} 20. e5 {[%clk 0:30:12]} d5 {[%clk 0:39:46]} 21.
Nd6 {[%clk 0:30:29]} Rxe5 {[%clk 0:27:55]} 22. Nxc8 {[%clk 0:30:52]} Qxc8
{[%clk 0:28:20]} 23. Rhe1 {[%clk 0:28:06]} Re4 {[%clk 0:23:06]} 24. Qg1 {[%clk
0:18:45]} Qe6 {[%clk 0:18:51]} 25. Rf1 {[%clk 0:17:09]} b6 {[%clk 0:12:07]} 26.
Rf2 {[%clk 0:17:34]} Qf5 {[%clk 0:06:52]} 27. Rfd2 {[%clk 0:15:56]} Rc4 {[%clk
0:07:00]} 28. Rd3 {[%clk 0:16:00]} Rc5 {[%clk 0:06:25]} 29. Qf2 {[%clk
0:15:49]} Qe4 {[%clk 0:06:29]} 30. Re1 {[%clk 0:12:15]} Qf5 {[%clk 0:06:39]}
31. a3 {[%clk 0:10:45]} a5 {[%clk 0:06:16]} 32. Qf3 {[%clk 0:07:14]} g5 {[%clk
0:04:43]} 33. g4 {[%clk 0:07:36]} Qc8 {[%clk 0:04:10]} 34. c3 {[%clk 0:01:30]}
Bg7 {[%clk 0:01:48]} 35. Red1 {[%clk 0:01:38]} d4 {[%clk 0:01:19]} 36. cxd4
{[%clk 0:01:59]} Rc4 {[%clk 0:01:47]} 37. Qe2 {[%clk 0:01:23]} Qd7 {[%clk
0:01:51]} 38. d5 {[%clk 0:01:08]} Rc5 {[%clk 0:01:25]} 39. d6 {[%clk 0:00:51]}
Rb5 {[%clk 0:00:35]} 40. R3d2 {[%clk 0:30:29]} 0-1